ბათუმის შოთა რუსთაველის სახელმწიფო უნივერსიტეტის ბიბლიოთეკა

Механизмы в современной технике в 7 томах. (ბიბ.ჩანაწერი № 40386)

000 -LEADER
fixed length control field 00475nam a2200145Ia 4500
001 - CONTROL NUMBER
control field 6994
003 - CONTROL NUMBER IDENTIFIER
control field GE_BSU
008 - FIXED-LENGTH DATA ELEMENTS--GENERAL INFORMATION
fixed length control field 181216s||||||||xx |||||||||||||| ||und||
040 ## - CATALOGING SOURCE
Transcribing agency GE_BSU
100 ## - MAIN ENTRY--PERSONAL NAME
Personal name Артоболевский,И.И.
245 ## - TITLE STATEMENT
Title Механизмы в современной технике в 7 томах.
245 ## - TITLE STATEMENT
Remainder of title Справочнае пособие.
653 ## - INDEX TERM--UNCONTROLLED
Uncontrolled term Механизмы в современной технике в 7 томах.
942 ## - ADDED ENTRY ELEMENTS (KOHA)
Koha item type კომპიუტერის ფაილები

არაა ხელმისაწვდომი ეგზემპლარები.